The Beethoven companion

Збережено в:
Бібліографічні деталі
Автори: Arnold, Denis (Автор), Fortune, Nigel (Автор)
Формат: Книга
Мова:Англійська
Опубліковано: Londres Faber and Faber 1973
Предмети:
Теги: Додати тег
Немає тегів, Будьте першим, хто поставить тег для цього запису!

MARC

LEADER 00000nam a2200000 a 4500
001 UCN3195
003 CL-VaPUC
008 010622e19730000UK |||||||||||||||||eng|d
082 0 4 |a 780.92  |b ARN  |2 21 
100 0 |a Arnold, Denis  |e author  |9 459609 
700 0 |a Fortune, Nigel  |e author  |9 459610 
245 1 4 |a The Beethoven companion 
300 |a 2 v 
942 |c BK 
945 |d 20010622 00:00:00  |a crobeson 
260 |a Londres  |b Faber and Faber  |c 1973 
600 0 |a Beethoven, Ludwig van  |d 1770​-1827  |e compositor  |9 306286 
650 0 |a Compositores alemanes  |9 324765 
650 0 |a Música orquestal  |9 306546 
650 0 |a Música de cámara  |9 306547 
650 0 |a Música para piano  |9 306528 
650 0 |a Análisis musical  |9 267228 
583 |a last modification  |c 20010622 00:00:00  |k Rodrigo Vera 
999 |c 296120  |d 296118 
952 |0 0  |1 0  |4 0  |6 780_920000000000000_ARN_1973  |7 0  |8 A  |9 349731  |a BIBEDU  |b BIBEDU  |d 2019-11-20  |h v.1  |i 1234471  |o 780.92 ARN 1973  |p 1234471  |r 2022-03-17  |w 2019-11-20  |y BK  |k MUS 
952 |0 0  |1 0  |4 0  |6 780_920000000000000_ARN_1973  |7 0  |8 A  |9 349732  |a BIBEDU  |b BIBEDU  |d 2019-11-20  |h v.2  |i 123448K  |o 780.92 ARN 1973  |p 123448K  |r 2022-01-17  |w 2019-11-20  |y BK  |k MUS